[Event "Fyn-ch"]
[Site "Odense"]
[Date "2008.01.10"]
[Round "1"]
[White "Furrer, Heinz"]
[Black "Frimodt, Michael"]
[Result "1-0"]
[WhiteElo "1779"]
[BlackElo "1416"]
[PlyCount "55"]
[EventDate "2008.01.10"]
[EventType "swiss"]
[EventRounds "7"]
[EventCountry "DEN"]
[SourceTitle "EXT 2018"]
[Source "ChessBase"]
[SourceDate "2017.10.13"]
[SourceVersion "1"]
[SourceVersionDate "2017.10.13"]
[SourceQuality "1"]

1. d4 d5 2. c4 e6 3. Nc3 Nf6 4. Bg5 Be7 5. e3 c6 6. Nf3 Nbd7 7. Qc2 Qc7 8. Rc1 0-0 9. Be2 Re8 10. 0-0 dxc4 11. Bxc4 Nb6 12. Bd3 h6 13. Bh4 Nfd5 14. Bg3 Qd8 15. a3 Bd7 16. Ne4 Nf6 17. Ne5 Rc8 18. Nc5 Bxc5 19. dxc5 Nbd5 20. e4 Nc7 21. Nc4 Nb5 22. Qd1 Nh7 23. e5 Rb8 24. a4 Nc7 25. Nd6 Rf8 26. Qc2 g6 27. b4 Nd5 28. Qc4 1-0